| Tag |
First Indicator |
Second Indicator |
Subfields |
| LEADER |
00000cam a2200000Ia 4500 |
| 001 |
in00002467894 |
| 005 |
20210817090337.0 |
| 006 |
m d |
| 007 |
cr cn||||||||| |
| 008 |
081217s2008 enka sb 001 0 eng d |
| 020 |
|
|
|a 1848003722
|
| 020 |
|
|
|a 9781848003729
|
| 035 |
|
|
|a (OCoLC)288440256
|
| 035 |
|
|
|a (OCoLC)ocn288440256
|
| 037 |
|
|
|a 978-1-84800-371-2
|b Springer
|n http://www.springerlink.com
|
| 040 |
|
|
|a GW5XE
|b eng
|c GW5XE
|d UtOrBLW
|
| 049 |
|
|
|a TEFA
|
| 050 |
1 |
4 |
|a QA76.76.R44
|b C68 2008eb
|
| 082 |
0 |
4 |
|a 005
|2 22
|
| 100 |
1 |
|
|a Courtois, Pierre Jacques,
|d 1937-
|0 http://id.loc.gov/authorities/names/n87938551
|
| 245 |
1 |
0 |
|a Justifying the dependability of computer-based systems :
|b with applications in nuclear engineering /
|c Pierre-Jacques Courtois.
|
| 264 |
|
1 |
|a London :
|b Springer,
|c [2008]
|
| 264 |
|
4 |
|c ©2008
|
| 300 |
|
|
|a xviii, 323 pages :
|b illustrations ;
|c 24 cm.
|
| 336 |
|
|
|a text
|b txt
|2 rdacontent
|
| 337 |
|
|
|a computer
|b c
|2 rdamedia
|
| 338 |
|
|
|a online resource
|b cr
|2 rdacarrier
|
| 490 |
1 |
|
|a Springer series in reliability engineering
|
| 500 |
|
|
|a Electronic resource.
|
| 504 |
|
|
|a Includes bibliographical references (pages [309]-323) and index.
|
| 533 |
|
|
|a Electronic reproduction.
|b New York :
|c Springer,
|d 2008.
|n Mode of access: World Wide Web.
|n System requirements: Web browser.
|n Title from title screen (viewed on Dec. 15, 2008).
|n Access may be restricted to users at subscribing institutions.
|
| 650 |
|
0 |
|a Computer systems
|x Reliability.
|
| 650 |
|
0 |
|a Nuclear engineering
|x Safety measures.
|0 http://id.loc.gov/authorities/subjects/sh85092972
|
| 650 |
|
0 |
|a Nuclear power plants
|x Safety measures.
|0 http://id.loc.gov/authorities/subjects/sh2008108501
|
| 655 |
|
7 |
|a Electronic books.
|2 local
|
| 710 |
2 |
|
|a SpringerLink (Online service)
|0 http://id.loc.gov/authorities/names/no2005046756
|
| 776 |
1 |
|
|c Original
|z 1848003714
|z 9781848003712
|z 1848003722
|z 9781848003729
|w (OCoLC)232713252
|
| 830 |
|
0 |
|a Springer series in reliability engineering.
|0 http://id.loc.gov/authorities/names/n2005071320
|
| 856 |
4 |
0 |
|u http://proxy.library.tamu.edu/login?url=https://dx.doi.org/10.1007/978-1-84800-372-9
|z Connect to the full text of this electronic book
|t 0
|
| 994 |
|
|
|a C0
|b TEF
|
| 999 |
|
|
|a MARS
|
| 999 |
f |
f |
|s ab041c48-308d-310a-bee9-aa042a71fb3c
|i 8065e873-f0e4-3781-a57b-7b5a598c7644
|t 0
|
| 952 |
f |
f |
|a Texas A&M University
|b College Station
|c Electronic Resources
|d Available Online
|t 0
|e QA76.76.R44 C68 2008eb
|h Library of Congress classification
|
| 998 |
f |
f |
|a QA76.76.R44 C68 2008eb
|t 0
|l Available Online
|